Za humny je válka

Guardado en:
Detalles Bibliográficos
Autor principal: Fištejn, Jefim
Formato: Libro
Lenguaje:checo
Publicado: Praha Daranus 2016
Materias:
Etiquetas: Agregar Etiqueta
Sin Etiquetas, Sea el primero en etiquetar este registro!

MARC

LEADER 00000nam a2200000 4500
001 0221739
005 20240314103542.2
020 |a 978-80-87423-71-4 
041 0 |a cze 
044 |a CZ 
245 1 0 |a Za humny je válka  |c Jefim Fištejn 
264 1 |a Praha  |b Daranus  |c 2016 
300 |a 227 s. 
610 2 0 |a vojny 
610 2 0 |a islam 
610 2 0 |a kríza hospodárska 
610 2 0 |a terorizmus 
610 2 0 |a politika medzinárodná 
610 2 0 |a vzťahy politické medzinárodné 
100 1 |a Fištejn, Jefim